00000000nam##2200000za#4500
0019.632085
003CaOODSP
00520250120164206
007cr |||||||||||
008150407|2005||||xxc|||||o    f|0| 0 fre|d
020 |a0-662-74612-0
040 |aCaOODSP|bfre
043 |an-cn---
0861 |aCD4-28/5-2005F-PDF
1101 |aCanada.|bAgence canadienne de développement international.
24510|aProgramme Brésil-Canada de promotion de l'équité - PECPE intra-Brésil. Livret 5 |h[ressource électronique]
260 |aOttawa - Ontario : |bAgence canadienne de développement international |c2005.
300 |a6p.|bill.
590 |a08-02-Supp|b2008-04-07
69107|aCoopération internationale|2gcpds
69107|aDéveloppement international|2gcpds
69107|aÉquité sociale|2gcpds
69107|aProgramme d'aide|2gcpds
77508|t[Programme Brésil-Canada de promotion de l'équité - PECPE intra-Brésil. Livret 5] |w(CaOODSP)9.674442
77508|tBrazil-Canada Equity Promotion Program - KEEP intra-Brazil. Booklet 5 |w(CaOODSP)9.687644
85640|ahttp://publications.gc.ca|qPDF|s241 Ko|uhttps://publications.gc.ca/collections/collection_2007/cida-acdi/CD4-28-5-2005F.pdf